000 01982nam0a2200349 4500
001 RU\NLR\BIBL_A\012711318
005 20220316170120.0
021 _aRU
_bКН-П-21-077331
_9КН-П-21-6161
035 _a(NLR Aleph) 012711318
035 _a(RuMoRGB)010870054
090 _a12911076
_c12911076
100 _a20220218d2021 u y0rusy50 ca
101 0 _arus
102 _aRU
105 _aach|z|||000zy
181 1 _ai2
_baxxe
181 1 _ab2
_bxb2e
182 1 _an
200 1 _aЗнакомьтесь: ТЮЗ!
_eсборник
_f[Театр юных зрителей имени А.А. Брянцева]
_gсоставитель: С.Е. Николаев
203 _aТекст
_aИзображение
_bвизуальные
_cнепосредственные
210 _aСанкт-Петербург
_cСанкт-Петербургский государственный театр юных зрителей имени А.А. Брянцева
_d2021
215 _a255 с.
_cил., цв. ил., портр., факс.
_d31
225 1 _aСанкт-Петербургский государственный театр юных зрителей имени А.А. Брянцева представляет
601 0 2 _aТеатр юных зрителей им. А.А. Брянцева
_cСанкт-Петербург, город
_92149714
_3RU\NLR\AUTH\661599473
686 1 _aЩ338.43(2Р=Рус)7-692Санкт-Петеррбург8Театр юных зрителей им. А.А. Брянцева я44
702 1 _4220
_7ca
_8rus
_aНиколаев
_bС. Е.
_cисторик театра и кино
_gСергей Евгеньевич
_9218339
_3RU\NLR\AUTH\770218395
711 0 2 _aТеатр юных зрителей им. А. А. Брянцева
_cСанкт-Петербург
_9362709
_3RU\NLR\AUTH\8810238524
942 _cBOOK
980 _aNB